[Event "La Paloma op 3rd"]
[Site "La Paloma"]
[Date "2014.02.16"]
[Round "5"]
[White "Moreira, Marcelo"]
[Black "Escofet Fernandez, Jaime"]
[Result "1/2-1/2"]
[WhiteElo "2020"]
[BlackElo "2065"]
[PlyCount "35"]
[EventDate "2014.02.14"]
[EventType "swiss"]
[EventRounds "5"]
[EventCountry "URU"]
[SourceTitle "EXT 2018"]
[Source "ChessBase"]
[SourceDate "2017.10.13"]
[SourceVersion "1"]
[SourceVersionDate "2017.10.13"]
[SourceQuality "1"]

1. e4 e6 2. d4 d5 3. e5 c5 4. c3 Qb6 5. Nf3 Bd7 6. a3 Bb5 7. b4 cxb4 8. Bxb5+ Qxb5 9. cxb4 a5 10. Nc3 Qc4 11. Qa4+ Qc6 12. Qxc6+ Nxc6 13. b5 Na7 14. b6 Nc6 15. Nb5 Kd7 16. Nc7 Rc8 17. Nb5 Ra8 18. Nc7 1/2-1/2

[Event "URU-ch sf"]
[Site "Montevideo"]
[Date "2012.02.19"]
[Round "5"]
[White "Carvalho, Guillermo"]
[Black "Moreira, Marcelo"]
[Result "1-0"]
[WhiteElo "2248"]
[BlackElo "2028"]
[PlyCount "83"]
[EventDate "2012.02.17"]
[EventType "swiss"]
[EventRounds "9"]
[EventCountry "URU"]
[SourceTitle "EXT 2014"]
[Source "ChessBase"]
[SourceDate "2013.11.20"]
[SourceVersion "1"]
[SourceVersionDate "2013.11.20"]
[SourceQuality "1"]

1. c4 e5 2. Nc3 Nf6 3. Nf3 Nc6 4. d4 exd4 5. Nxd4 Bb4 6. Nxc6 bxc6 7. Bd2 0-0 8. g3 Re8 9. Bg2 Rb8 10. 0-0 Bxc3 11. Bxc3 Ne4 12. Bxe4 Rxe4 13. Qd3 Qe7 14. Rad1 d6 15. f3 Rxe2 16. Rde1 Rxe1 17. Rxe1 Be6 18. Qd4 Qg5 19. Qxa7 Qc5+ 20. Qxc5 dxc5 21. b3 Ra8 22. Re2 Kf8 23. Kf2 Bf5 24. Rb2 f6 25. g4 Be6 26. Bd2 Ke7 27. Be3 Ra5 28. Ke2 h6 29. Kd3 Kd7 30. Kc3 Ke8 31. Re2 Kd7 32. a4 Ke7 33. h3 Kd7 34. f4 f5 35. g5 hxg5 36. fxg5 Ra8 37. Rd2+ Ke8 38. Bxc5 Rd8 39. Rxd8+ Kxd8 40. a5 Kc8 41. a6 Kb8 42. h4 1-0